01357nam a2200325 a 450000100060000000300080000600500170001400800410003102000150007203500190008704000260010604100080013208200230014024501460016326000370030930000250034650000820037150400500045365000410050365100600054465100530060470000380065770000420069570000260073771000380076383000720080194200120087399900170088595201290090257843BD-RjUL20211209080546.0161212s1984 enk b 001 0 eng d a0865316090 a(BD-RjUL)57967 aBD-RjULbengcBD-RjUL aeng a972.8052bPOL 198400aPolitical change in Central America :binternal and external dimensions /cedited by Wolf Grabendorff, Heinrich-W. Krumwiede, and Jörg Todt aBoulder, Colo :bWestview,c1984 aviii, 312 p ;c24 cm a"Published in association with the Friedrich Ebert Foundation"--Prelim. p. iv aIncludes bibliographical references and index 0aRevolutionszCentral America9171807 0aCentral AmericaxPolitics and governmenty1979-9171808 0aCentral AmericaxForeign relationsy197991718091 aGrabendorff, Wolf,d1940-91718101 aKrumwiede, Heinrich-W,d1943-91718111 aTodt, Jörg.91718122 aFriedrich-Ebert-Stiftung.9171813 0aWestview special studies on Latin America and the Caribbean9171814 2ddccBK c57843d57843 00102ddc40718NFICaRUCLbRUCLcReadingd1988-08-20eAlifl0o972.8052 POL 1984r2016-12-12 00:00:00tC-1w2016-12-12yBK